000 00715nam a2200241Ia 4500
003 OSt
005 20220925210714.0
006 a|||||r|||| 00| 0
007 ta
008 220923b |||||||| |||| 00| 0 eng d
037 _cGeneral Book
040 _aRTL
_cRTL
_beng
041 _2eng
_aeng
082 _aV3:19.44Q7.N7, L4
100 _aAziz K K
245 0 _aBritain and Pakistan
_b A study of British attitude
260 _aIslamabad
_bUniversity of Islamabad
_c1974
300 _a402p
_ccm.
500 _aBibliography: P 371-83; Appendix: P 307-51
650 _aOreign Policy Great Britain
942 _hV3:19.44Q7.N7, L4
_cGB
_2CC
999 _c555805
_d555805